[Event "11th KIIT Festival 2018"]
[Site "Bhubaneswar"]
[Date "2018.05.28"]
[Round "5"]
[White "Karthik Venkataraman"]
[Black "Gukesh D"]
[Result "1/2-1/2"]
[WhiteElo "2457"]
[BlackElo "2426"]
[Annotator "TA"]
[PlyCount "61"]
[EventDate "2018.??.??"]
[EventType "swiss"]
[EventCountry "IND"]
[SourceTitle "playchess.com"]
[Source "ChessBase"]
[SourceQuality "1"]

{[%evp 17,61,13,22,31,67,27,37,21,27,0,99,70,98,100,219,211,223,215,224,247,233,62,70,0,258,0,0,0,0,0,0,0,80,0,0,0,0,0,6,0,0,0,0,0,0,0]} 1. d4 d5 2. c4 c6 3. Nf3 Nf6 4. Nc3 e6 5. Bg5 Nbd7 6. cxd5 exd5 7. e3 Be7 8. Bd3 O-O 9. Qc2 g6 {LiveBook: 3 Games. D36: Queen's Gambit Declined: Exchange Variation: Main line (5 Bg5 c6 6 Qc2)} (9... Re8 10. h3 Nf8 11. g4 a5 12. O-O-O a4 13. Kb1 Qa5 14. a3 Be6 15. Bxf6 Bxf6 16. g5 Be7 17. Ne5 Bxg5 18. f4 Bf6 {1-0 (41) Yu,Y (2738)-Wang,Y (2718) China 2016}) 10. h4 c5 11. h5 $146 {[%cal Rh5g6]} ({Predecessor:} 11. Bxf6 Nxf6 12. dxc5 Bxc5 13. O-O-O Be6 14. Ng5 Qe7 15. h5 Bg4 16. hxg6 Bxd1 17. gxh7+ {0-1 (32) Orzech,D (2165)-Maka,M (2060) Krynica 1998}) 11... Nxh5 {White has an edge.} 12. Rxh5 gxh5 13. Bh6 {[#]} Re8 (13... cxd4 $1 $11 {remains equal.} 14. Bxf8 (14. Nxd4 Re8 $15) (14. Bxh7+ Kh8 $11) (14. exd4 Nf6 $11) (14. exd4 Re8) 14... Nxf8 15. Nxd4 Bf6) 14. Bxh7+ $16 Kh8 15. O-O-O $36 {[%mdl 2048] Black must now prevent dxc5. Keeping Black busy.} (15. Nxd5 $6 Nf6 $11) 15... Bf8 (15... Nf8 $16 16. Bxf8 Bxf8) 16. Bg5 $18 Be7 17. Bxe7 Rxe7 18. Nxd5 Re6 19. Bf5 $2 (19. Be4 $18) 19... Rd6 $1 $14 {[%cal Rd6d5]} 20. Qe4 (20. Nc3 $14) 20... cxd4 $2 {[%mdl 8192]} (20... Nf6 $11 {and Black is okay.} 21. Nxf6 Qxf6) 21. Rh1 $2 (21. Rxd4 Nf6 $15) (21. Bxd7 $1 $18 Qxd7 22. Ne5 (22. Rxd4 Qe6 $14) (22. Qxd4+ f6 $11)) 21... Nf6 $11 22. Nxf6 Bxf5 $1 23. Rxh5+ (23. Qxf5 Qc8+ 24. Qc2 Qxc2+ 25. Kxc2 Rc8+ 26. Kb1 Rxf6 $17) 23... Kg7 24. Rxf5 {Threatening mate with Rg5+.} Rxf6 {[#]} (24... Rc8+ $1 $11 25. Kd1 (25. Kb1 Rxf6 26. Rg5+ Rg6 $14) 25... Rxf6 26. Nxd4 Rxf5 27. Qxf5 Qc7) 25. Nxd4 (25. Rg5+ $1 $16 Rg6 26. Rxg6+ (26. Qxd4+ Qxd4 27. Rxg6+ fxg6 $11) (26. Qxb7 $2 Rc8+ 27. Kb1 Rxg5 $19) 26... fxg6 27. Qxb7+ (27. Nxd4 Qc7+ 28. Kb1 Qf7 $14) 27... Kh6 28. exd4 (28. Nxd4 Rc8+ 29. Kb1 Qc7 $16)) 25... Rc8+ {The position is equal.} 26. Kd1 {Strongly threatening Rd5.} Rxf5 27. Qxf5 Qc7 28. Qg5+ Kf8 29. Qh6+ Kg8 30. Qg5+ Kf8 31. Qh6+ {Precision: White = 37%, Black = 43%.} 1/2-1/2

[Event "11th KIIT Festival 2018"]
[Site "Bhubaneswar"]
[Date "2018.05.28"]
[Round "5"]
[White "Khusenkhojaev, Muhammad"]
[Black "Salonika, Saina"]
[Result "1/2-1/2"]
[WhiteElo "2456"]
[BlackElo "2147"]
[Annotator "TA"]
[PlyCount "63"]
[EventDate "2018.??.??"]
[EventType "swiss"]
[EventCountry "IND"]
[SourceTitle "playchess.com"]
[Source "ChessBase"]
[SourceQuality "1"]

{[%evp 19,63,33,27,26,30,8,43,43,37,37,28,36,41,42,56,25,90,53,72,42,22,-36,-40,-63,-59,-106,-118,-207,-198,-214,-201,-197,-204,-202,-188,-193,-118,-163,-143,-158,-126,-177,-167,-167,-166,-168]} 1. Nf3 Nf6 2. c4 g6 3. Nc3 Bg7 4. e4 d6 5. d4 {[%cal Bd2d4,Bd4d5][%mdl 32]} O-O 6. Be2 e5 7. O-O Nc6 8. d5 Ne7 9. Bd2 Ne8 10. b4 {E97: King's Indian: Classical Main Line (6...e5 7 0-0 Nc6): 8 Be3 and 8 d5 Ne7, not 9 Ne1} (10. Qb3 h6 11. Ne1 c5 12. Qa3 f5 13. b4 b6 14. bxc5 dxc5 15. Qc1 g5 16. exf5 Nxf5 17. Nc2 Ned6 {1-0 (35) Fedoseev,V (2674)-Vocaturo,D (2579) Dubai 2015}) 10... f5 {LiveBook: 11 Games} 11. Rc1 Nf6 12. Re1 $146 {White has an edge.} ({Predecessor:} 12. c5 fxe4 13. cxd6 cxd6 14. Ng5 Bf5 15. g4 h6 16. gxf5 hxg5 17. fxg6 Qd7 18. Bxg5 {1-0 (60) Jablonicky,M (2302)-Dale,A (2381) Budapest 2018}) 12... h6 13. exf5 Nxf5 {[%cal Be7f5,Bf5d4,Bd4f3][%mdl 32]} 14. Bd3 g5 15. Rf1 g4 16. Ne1 Qe8 17. Ne4 Nh5 (17... Nxe4 $11 18. Bxe4 Qh5) 18. g3 ({Stronger than} 18. Qxg4 Nfg3 $15) 18... Nd4 19. c5 Bf5 {[#] ...Qg6 is the strong threat.} 20. Be3 (20. cxd6 $11 Qg6 21. dxc7 Bxe4 22. Bxe4 Qxe4 23. Be3) 20... Qg6 $36 {[%mdl 2048] Black fights for an advantage.} 21. Nc3 Nf3+ $1 22. Nxf3 gxf3 23. Bxf5 (23. Bb1 $17 {was necessary.}) 23... Qxf5 $19 24. Kh1 {[#]} Nf6 $1 25. Rg1 Ng4 26. Qf1 Qh5 {[%csl Gg4][%cal Rh5h2]} 27. h4 Bf6 (27... Qf5 $19 28. Re1 a6 29. cxd6 e4) 28. Nd1 Kh8 29. Rc4 Rae8 30. Qh3 (30. Re4 $17) 30... e4 31. cxd6 cxd6 32. Re1 {Precision: White = 48%, Black = 51%.} 1/2-1/2

[Event "11th KIIT Festival 2018"]
[Site "Bhubaneswar"]
[Date "2018.05.28"]
[Round "5"]
[White "Das, Sayantan"]
[Black "Saurabh Anand"]
[Result "1-0"]
[WhiteElo "2437"]
[BlackElo "2294"]
[Annotator "TA"]
[PlyCount "71"]
[EventDate "2018.??.??"]
[EventType "swiss"]
[EventCountry "IND"]
[SourceTitle "playchess.com"]
[Source "ChessBase"]
[SourceQuality "1"]

{[%evp 26,71,51,46,34,36,48,12,4,16,93,88,99,100,105,5,47,47,42,45,57,53,85,70,90,96,272,219,343,361,468,456,587,614,587,578,712,711,689,687,661,657,975,1012,958,896,5314,5306]} 1. e4 e5 2. Nf3 Nc6 3. Bb5 a6 4. Ba4 Nf6 5. O-O Be7 6. Re1 b5 7. Bb3 d6 8. c3 O-O 9. h3 Na5 10. Bc2 c5 11. d4 Nd7 12. a4 Bb7 {C96: Spanische Partie (Abweichungen vom Tschigorin-System)} (12... b4 13. Nbd2 Rb8 14. Nf1 b3 15. Bd3 exd4 16. cxd4 c4 17. Be2 c3 18. Ng3 Nf6 19. Bd3 Nc6 20. d5 {0-1 (37) Quesada Perez,Y (2627)-Caruana,F (2811) chess.com INT 2018}) 13. d5 c4 14. Be3 {LiveBook: 5 Partien} Qc7 {Weiß steht etwas besser.} 15. Na3 bxa4 {[#]} 16. Nd2 $146 {[#]} ({Vorgänger:} 16. Bxa4 Nc5 17. Bc2 Bc8 18. Nd2 {1-0 (48) Kulaots,K (2579)-Mihajlov,S (2386) Fagernes 2018}) 16... f5 $1 {[%mdl 512] Und weiter mit ...f4 wäre nett.} 17. Bxa4 (17. exf5 Nf6) 17... Nc5 {[#]} (17... f4 $11 {bleibt in der Remisbreite.} 18. Bxd7 Qxd7) 18. Bxc5 $1 $16 Qxc5 {[#]} 19. Bd7 $1 Bc8 20. Qa4 ({Besser ist} 20. Bxc8 $16 Raxc8 21. exf5) 20... Nb3 21. Nxb3 cxb3 22. exf5 Bxd7 23. Qxd7 Ra7 24. Qe6+ Kh8 {Droht stark ...Tf6.} 25. Re4 {[%cal Be1e4,Be4c4,Bc4c6][%mdl 32]} Rc7 $2 (25... Qc7 $16 {war angesagt.}) 26. Rc4 $18 Qa5 (26... Qb6 $142 27. Rb4 Qa5 28. Rxb3 Qa4) 27. Rc6 h6 {...Tf6 ist eine echte Drohung.} 28. Rd1 {Weiß steht klar auf Gewinn.} Rxc6 29. dxc6 {[%cal Bd5c6,Bc6d7][%mdl 32]} Qc7 30. Nc4 Rf6 31. Qd7 Qxd7 32. cxd7 Rxf5 33. Rxd6 Rf8 34. Re6 Bd8 35. Re8 Kg8 36. Nxe5 {Precision: Weiß = 76%, Schwarz = 23%.} 1-0

[Event "11th KIIT Festival 2018"]
[Site "Bhubaneswar"]
[Date "2018.05.28"]
[Round "5"]
[White "Nitin, S.."]
[Black "Amonatov, Farrukh"]
[Result "0-1"]
[WhiteElo "2432"]
[BlackElo "2608"]
[Annotator "TA"]
[PlyCount "114"]
[EventDate "2018.??.??"]
[EventType "swiss"]
[EventCountry "IND"]
[SourceTitle "playchess.com"]
[Source "ChessBase"]
[SourceQuality "1"]

{[%evp 13,114,21,27,8,57,45,69,61,56,69,88,66,66,-16,-30,-33,-29,-53,-24,-51,-75,-76,-70,-92,-25,-33,0,-62,-64,-86,-26,-127,-139,-123,-121,-121,-149,-174,-181,-199,-84,-79,-83,-193,-188,-262,-168,-166,-179,-155,-142,-145,-136,-506,-283,-259,-129,-126,-96,-1889,-1896,-1957,-1592,-29970,-12795,-5261,-1289,-5110,-5110,-5110,-5106,-4133,-256,-255,-255,-233,-218,-211,-211,-211,-196,-173,-16,-16,-24,-179,-159,-339,-339,-333,-309,-283,-281,-339,-304,-393,-391,-380,-380,-302,-287,-254,-245]} 1. e4 c5 2. Nf3 d6 3. d4 cxd4 4. Nxd4 Nf6 5. Nc3 a6 6. Be3 e5 7. Nb3 Be7 8. h3 {B90: Sicilian Najdorf: Unusual White 6th moves, 6 Be3 Ng4 and 6 Be3 e5} (8. f3 O-O 9. Qd2 b5 10. a4 bxa4 11. Rxa4 Bd7 12. Ra2 a5 13. Be2 a4 14. O-O Bc6 15. Rfa1 Qd7 16. Bc4 Rc8 {1-0 (28) Shirov,A (2644)-Volokitin,A (2632) Berlin 2018}) 8... b5 9. a4 b4 10. Nd5 {aiming for Nxf6+.White is slightly better.} Nbd7 11. Nxe7 Kxe7 $146 ({Predecessor:} 11... Qxe7 12. Na5 O-O 13. Bc4 Nc5 14. Bxc5 dxc5 15. Bd5 Nxd5 16. Qxd5 {0-1 (54) Sreeves,C (2284)-Wan,Y (2482) Groningen 2014}) 12. Qd2 a5 13. O-O-O (13. Bd3 $14) 13... Qc7 $1 $11 14. f3 Bb7 15. g4 Rhc8 16. Bb5 Bc6 $1 17. Bxc6 Qxc6 18. Bg5 Ra6 (18... h6 $1 $17 {[%cal Rh6g5]} 19. Bxf6+ Nxf6) 19. Qe2 Nb6 20. Bxf6+ (20. f4 $1 $11) 20... gxf6 $15 21. f4 $1 Qc4 ({But not} 21... exf4 $6 22. Rhf1 $14) (21... Nxa4 $17 22. g5 fxg5 23. fxe5 dxe5) 22. Rd3 (22. Qxc4 $11 {keeps the balance.} Rxc4 23. Nd2) 22... Nxa4 $17 23. g5 fxg5 24. fxe5 dxe5 25. Rhd1 Rac6 $1 26. R1d2 Nc5 (26... Rf6 $1 $19 {...Nb6 is the strong threat.} 27. h4 Rf4 28. Rd7+ Kf8 29. Qxc4 Rxc4 30. hxg5 Rcxe4 31. Nxa5 Kg7) 27. Nxc5 Qxc5 ({Avoid the trap} 27... Rxc5 $2 28. Qh5 $18) 28. Qg4 (28. Qf1 $17 R8c7 29. Kb1) 28... Kf8 $19 29. Rf3 (29. b3 $142) 29... Kg8 30. Qf5 Rf8 $1 31. Rg3 Rg6 32. Rd5 Qc4 33. Rxg5 $2 {[%mdl 8192]} (33. b3 $17 Qe2 34. Qf3) 33... b3 {[%csl Gb3][%cal Rc4c2]} 34. Rd2 {intending h4.} bxc2 (34... a4 $19 {and Black stays clearly on top. Threatens to win with ...a3!} 35. Qxe5 bxc2 36. Rxg6+ hxg6) 35. Rxc2 $17 Qd4 $40 {[%mdl 128] Black goes for the king.} 36. Rcg2 $2 {[%mdl 8192]} (36. Rc3 $17) 36... Rd8 $19 {[%csl Gd8][%cal Rd4d1]} 37. Rxg6+ hxg6 38. Rxg6+ {[%mdl 4096] Endgame KQR-KQR} Kf8 {[%csl Gd8][%cal Rd4d1]} ({Inferior is} 38... fxg6 39. Qxg6+ Kh8 40. Qh6+ Kg8 41. Qg6+ Kh8 42. Qh6+ Kg8 43. Qg6+ $11) 39. Qf3 Qa4 (39... Qc5+ $142 40. Kb1 Rd2) 40. Rg2 Qa1+ 41. Kc2 Rc8+ 42. Kd3 Qc1 $2 (42... Qb1+ 43. Ke3 Qc1+ 44. Kf2 Rc2+ 45. Kg3 Rxg2+ 46. Kxg2 Qxb2+ 47. Kg3 a4) 43. Qf6 {Threatening mate with Qd6+.} Qc4+ 44. Ke3 {White wants to mate with Qd6+.} Qd4+ 45. Kf3 Qd3+ 46. Kg4 Qxe4+ 47. Kg3 Qg6+ $2 ({Better is} 47... Rc6 $1 $19 {[%cal Rc6f6]} 48. Qd8+ Kg7 49. Kh2+ Rg6 50. Rxg6+ Qxg6) 48. Qxg6 $11 fxg6 {KR-KR} 49. Kf3 $2 (49. Rd2 $1 $11 {and White is okay.}) 49... Kf7 $19 50. Ke4 $2 {[#]} (50. Kg4 $17 {was worth a try.}) 50... Kf6 $1 51. Rf2+ Ke6 52. Rg2 Rc4+ 53. Ke3 Kf5 54. Rf2+ {[#]} Rf4 $1 {[%cal Rf4f2] And now ...Rxf2 would win.} 55. Rc2 Rh4 56. Rf2+ Ke6 57. Rf3 Rb4 {Precision: White = 39%, Black = 54%.} 0-1

[Event "11th KIIT Festival 2018"]
[Site "Bhubaneswar"]
[Date "2018.05.28"]
[Round "5"]
[White "Tran, Minh Thang"]
[Black "Deviatkin, Andrei"]
[Result "0-1"]
[WhiteElo "2404"]
[BlackElo "2467"]
[Annotator "TA"]
[PlyCount "69"]
[EventDate "2018.??.??"]
[EventType "swiss"]
[EventCountry "IND"]
[SourceTitle "playchess.com"]
[Source "ChessBase"]
[SourceQuality "1"]

{[%evp 20,69,58,55,55,58,81,79,91,25,84,17,13,20,16,-95,-95,-102,-93,-141,-130,-132,-118,-120,-118,-115,-82,-101,-108,-202,-109,-125,-116,-180,-173,-175,-159,-1000,-979,-1037,-1032,-1046,-1004,-1189,-1157,-29991,-29992,-29992,-29993,-29998,-29999,-29999]} 1. d4 Nf6 2. c4 g6 3. f3 Bg7 4. e4 O-O 5. Nc3 d6 6. Bg5 c5 7. d5 a6 8. Qd2 Nbd7 {[%cal Bb8d7,Bd7b6,Bb6c4][%mdl 32]} 9. Nge2 b5 10. cxb5 Nb6 {E81: King's Indian: Sämisch: 6th move deviations (including 6 Be3 c6)} 11. Ng3 {LiveBook: 3 Games} axb5 12. Bxb5 Ba6 {White is slightly better.} 13. Bxa6 Rxa6 {[#]} 14. h4 $146 (14. b3 $16) ({Predecessor:} 14. b3 Qa8 15. Bh6 Bxh6 16. Qxh6 Ra3 17. O-O Qa5 18. Nge2 {1-0 (44) Reinderman,D (2586)-Schmaltz,R (2527) Amsterdam 2015}) 14... Qb8 (14... Na4 $11) 15. Rb1 ({White should try} 15. b3 $16) 15... Nc4 $11 16. Qd3 Qb4 17. Nge2 (17. O-O $11 {keeps the balance.}) 17... Rxa2 $1 $17 18. O-O Ra7 19. Bc1 Qb3 20. g4 Rfa8 21. h5 Ne5 22. Qd2 Ra1 23. Rxa1 Rxa1 24. Ng3 (24. h6 $17 {keeps fighting.} Bh8 25. Qd1) 24... Qc4 (24... c4 $19 25. Nge2 Nfd7) 25. h6 Bh8 $1 26. Qc2 {[#]} (26. Qe2 $17 {was necessary.}) 26... Nfd7 $1 $19 27. Kg2 {[#]} Nd3 $1 28. Bd2 $2 (28. Rd1 $17) 28... Nb4 29. Rxa1 Nxc2 30. Ra7 Qd3 31. Bg5 Ne1+ 32. Kh3 Qxf3 {Black mates.} 33. Ra8+ Nf8 34. Bxe7 Qg2+ 35. Kh4 {Precision: White = 23%, Black = 71%.} 0-1

[Event "11th KIIT Festival 2018"]
[Site "Bhubaneswar"]
[Date "2018.05.28"]
[Round "5"]
[White "Koustav Chatterjee"]
[Black "Vignesh N R"]
[Result "1/2-1/2"]
[WhiteElo "2364"]
[BlackElo "2485"]
[Annotator "TA"]
[PlyCount "62"]
[EventDate "2018.??.??"]
[EventType "swiss"]
[EventCountry "IND"]
[SourceTitle "playchess.com"]
[Source "ChessBase"]
[SourceQuality "1"]

{[%evp 16,62,6,6,43,37,66,53,61,57,93,75,116,64,62,61,63,58,53,54,62,2,70,51,59,24,66,27,29,42,100,77,88,77,72,58,58,28,56,1,3,4,69,40,81,81,90,44,62]} 1. c4 e5 2. g3 Nf6 3. Bg2 d5 4. cxd5 Nxd5 5. Nc3 Nb6 6. Nf3 Nc6 7. O-O Be7 8. Rb1 O-O 9. b4 e4 {A29: English Opening: Four Knights Variation with 4 g3} 10. Nxe4 Bf5 11. Qc2 Bxb4 12. Bb2 (12. a3 Bd6 13. e3 h6 14. Nh4 Bh7 15. f4 Be7 16. f5 Ne5 17. Bb2 {1-0 (35) Nakamura,H (2816)-Sevian,S (2556) Las Vegas 2015}) 12... Qe7 $146 ({Predecessor:} 12... Re8 13. d3 Bf8 14. Nh4 Nb4 15. Qc1 Nxa2 16. Qf4 Bxe4 17. Bxe4 {0-1 (53) Gorovets,A (2471)-Golichenko,I (2433) Kiev 2013}) 13. d3 Rad8 14. Rfc1 (14. a3 $16 Bxa3 15. Bxa3 Qxa3 16. Nc5) 14... Bxe4 $14 15. dxe4 Ba3 16. Bxa3 Qxa3 17. e5 Qe7 18. Ne1 (18. a4 $14) 18... Qxe5 ({Better is} 18... Nd4 $11 19. Qe4 c6) 19. Bxc6 bxc6 20. Nf3 Qf6 21. Rb3 {[%cal Bb1b3,Bb3a3,Ba3a6][%mdl 32]} Rfe8 22. Ra3 {[#]} Nc8 (22... c5 $1 $14 {[%mdl 512]}) 23. Ra6 Nb6 24. Rxa7 Nd5 25. Rb7 h6 26. a4 Ra8 27. Qxc6 (27. Kg2 $14) 27... Qxc6 $11 28. Rxc6 {With the idea Rc5.} Rxa4 (28... Rxe2 $11 29. Rc5 c6) 29. Rc5 c6 30. Rb2 Rb4 31. Rxb4 Nxb4 {Precision: White = 54%, Black = 20%.} 1/2-1/2

[Event "11th KIIT Festival 2018"]
[Site "Bhubaneswar"]
[Date "2018.05.28"]
[Round "5"]
[White "Navalgund, Niranjan"]
[Black "Kravtsiv, Martyn"]
[Result "0-1"]
[WhiteElo "2281"]
[BlackElo "2655"]
[Annotator "TA"]
[PlyCount "71"]
[EventDate "2018.??.??"]
[EventType "swiss"]
[EventCountry "IND"]
[SourceTitle "playchess.com"]
[Source "ChessBase"]
[SourceQuality "1"]

{[%evp 14,71,11,0,4,0,3,0,0,0,5,-6,4,-8,0,0,0,-2,0,-12,-19,-9,-6,-10,18,4,27,35,29,30,29,22,35,28,28,27,20,20,23,20,69,-34,-26,-26,-31,-26,-21,-16,-14,-27,-14,-327,-322,-127,0,-810,-734,-874,-837,-29997]} 1. d4 Nf6 2. c4 e6 3. g3 d5 4. Nf3 Bb4+ 5. Bd2 Be7 6. Bg2 O-O 7. O-O c6 8. Qc2 a5 {E11: Bogo-Indian} 9. Rc1 Nbd7 10. a4 Ne4 {The position is equal.} 11. Be1 f5 12. Nfd2 $146 ({Predecessor:} 12. Nbd2 Bd6 13. b3 g5 14. Nf1 Qf6 15. Rd1 Ra7 16. N3d2 Nxd2 17. Bxd2 {1-0 (49) Wang,Y (2690)-Bosiocic,M (2624) Riadh 2017}) 12... Ndf6 13. f3 Nxd2 (13... Ng5 {is more complex.} 14. Bf2 b6 15. Nb3 dxc4 16. N3d2 Ba6) 14. Nxd2 b6 15. cxd5 cxd5 16. Nb1 Ba6 17. Na3 Rc8 18. Qb3 Nd7 19. Nb5 Bg5 20. e3 Nb8 21. Rxc8 Qxc8 22. e4 fxe4 23. fxe4 Nc6 $1 {[#] Strongly threatening ...Bxb5.} 24. Rd1 dxe4 25. Nd6 Qd7 26. Nxe4 Bh6 {Threatens to win with ...Be2.} 27. Qxb6 (27. d5 $14 Be2 28. Rd2 Bxd2 29. dxc6 Qd4+ 30. Bf2 Rxf2 31. Nxf2) 27... Be2 $1 $36 {[%cal Re2d1][%mdl 2048] Black fights for an advantage.} 28. Ra1 Be3+ 29. Bf2 Bxf2+ 30. Nxf2 Nxd4 {Hoping for ...Bf3.} 31. Ne4 Bf3 32. Nc3 $2 {[%mdl 8192]} (32. Rf1 $11) 32... Bxg2 $19 33. Kxg2 {[#]} e5 ({Black should play} 33... Nc2 $1 $17 {[%cal Rc2a1]} 34. Rb1 Qf7) 34. Re1 $2 {[%mdl 8192]} (34. Rf1 $11) 34... Qf7 35. Ne4 Nc2 36. Qxa5 {Precision: White = 45%, Black = 70%.} 0-1

[Event "11th KIIT Festival 2018"]
[Site "Bhubaneswar"]
[Date "2018.05.28"]
[Round "5"]
[White "Jayakumaar S"]
[Black "Sandipan, Chanda"]
[Result "0-1"]
[WhiteElo "2276"]
[BlackElo "2573"]
[Annotator "TA"]
[PlyCount "78"]
[EventDate "2018.??.??"]
[EventType "swiss"]
[EventCountry "IND"]
[SourceTitle "playchess.com"]
[Source "ChessBase"]
[SourceQuality "1"]

{[%evp 10,78,-31,-29,0,0,0,0,0,0,7,-29,-24,-68,-75,-61,-74,-56,-64,-71,-29,-88,-43,-87,-95,-103,-119,-97,-67,-62,-74,-90,-96,-127,-104,-140,-128,-167,-143,-192,-166,-319,-314,-288,-281,-303,-276,-350,-348,-340,-334,-410,-370,-390,-384,-396,-396,-391,-386,-523,-435,-693,-694,-694,-664,-681,-635,-545,-545,-589,-558]} 1. d4 Nf6 2. Nc3 d5 3. Bf4 e6 4. e3 Bb4 5. Bd3 (5. Nge2 Nh5 6. a3 Be7 7. Be5 Nd7 8. g4 Nhf6 9. Bf4 O-O 10. Ng3 c5 11. g5 Ne8 12. h4 {1-0 (47) Rapport,R (2698)-Grischuk,A (2750) chess.com INT 2017}) 5... c5 6. dxc5 {LiveBook: 11 Games. D00: 1 d4 d5: Unusual lines} Bxc3+ 7. bxc3 Qa5 8. Bd6 {The position is equal.} Nbd7 9. Ne2 Nxc5 10. Qb1 $146 ({Predecessor:} 10. a4 Bd7 11. Qb1 Rc8 12. f3 Nxd3+ 13. cxd3 {1-0 (25) Blondel,F (1934)-Petruzzelli,R (2012) ICCF email 2015}) 10... Nfe4 11. Bb5+ Bd7 12. Bxd7+ Kxd7 13. Bxc5 Nxc5 14. O-O Rhc8 15. Qb2 (15. c4 $11) 15... Qa6 16. Ng3 Na4 $36 {[%mdl 2048] Black is really pushing.} 17. Qc1 Nxc3 18. e4 Nxe4 19. Nxe4 dxe4 20. Qg5 {[#]} g6 $1 21. Qf6 {[#]} Ke8 $1 22. Rad1 Qa5 23. Qh8+ Ke7 24. Qxh7 Qe5 {aiming for ...Rh8.} (24... Qxa2 25. Qh4+ Kf8 26. Qh8+ Ke7 27. Qh4+ Kf8 28. Qh8+ Ke7 29. Qh4+ $11) 25. f4 $2 (25. Qh4+ g5 26. Qh3) 25... Qf6 $19 {And now ...Rh8 would win.} 26. Qh3 Rc3 ({Not} 26... Rxc2 27. Qa3+ Ke8 28. Qa4+ Rc6 29. Qxe4 $17) 27. Qg4 Rxc2 28. Rfe1 Rxa2 29. Rxe4 Ra1 30. Rb4 b6 {White must now prevent ...Qf5.} 31. h3 Rd8 32. Rxa1 Qxa1+ {[%mdl 4096] Endgame KQR-KQR} 33. Kh2 Rd1 {( -> ...Rh1+)} 34. Qh4+ Kd7 {Black is clearly winning.} 35. Re4 (35. Rb3 $142) 35... Rh1+ 36. Kg3 Qc3+ 37. Kf2 Qd3 {[%csl Gd3][%cal Rh1f1]} 38. Re2 Qd4+ 39. Kg3 Rf1 {Precision: White = 33%, Black = 86%.} 0-1

[Event "11th KIIT Festival 2018"]
[Site "Bhubaneswar"]
[Date "2018.05.28"]
[Round "5"]
[White "Tiwari, Arjun"]
[Black "Tukhaev, Adam"]
[Result "0-1"]
[WhiteElo "2276"]
[BlackElo "2551"]
[Annotator "TA"]
[PlyCount "70"]
[EventDate "2018.??.??"]
[EventType "swiss"]
[EventCountry "IND"]
[SourceTitle "playchess.com"]
[Source "ChessBase"]
[SourceQuality "1"]

{[%evp 15,70,-11,18,-16,8,8,44,13,97,101,93,93,100,95,91,87,90,0,-6,-58,-31,-50,-30,-67,-31,-14,0,-13,0,-125,-8,-39,-36,-144,-145,-176,-186,-186,-187,-227,-224,-928,-926,-818,-470,-889,-843,-862,-861,-850,-840,-810,-687,-891,-651,-642,-625]} 1. e4 e6 2. d3 d5 3. Nd2 c5 4. g3 Bd6 5. Bg2 Ne7 6. f4 Nbc6 7. Ngf3 {C00: French: Unusual White 2nd moves} O-O 8. O-O b5 {LiveBook: 5 Games} 9. c4 {The position is equal.} (9. Re1 c4 10. d4 dxe4 11. Nxe4 Bb7 12. c3 Nd5 13. b3 Be7 14. bxc4 bxc4 {½-½ (89) Nakamura,H (2784)-Edouard,R (2666) Geneve 2013}) 9... bxc4 $146 ({Predecessor:} 9... Ba6 10. b3 Rb8 11. Kh1 Nb4 12. Ne1 bxc4 13. dxc4 Bc7 14. Bb2 dxc4 {1-0 (31) Hazai,L-Peev,P Lublin 1975}) 10. dxc4 a5 11. f5 Ba6 (11... dxe4 $11 12. Nxe4 Nxf5) 12. fxe6 $1 $16 dxc4 13. exf7+ Rxf7 14. Ng5 Rxf1+ 15. Bxf1 ({Much weaker is} 15. Nxf1 Be5 $11) 15... h6 16. Ngf3 ({White should try} 16. Nxc4 $16 {aiming for Ne6.} hxg5 17. Qxd6 Qxd6 18. Nxd6) 16... Be5 $11 17. Qc2 ({Better is} 17. Qa4 $11) 17... Nb4 $1 $36 {[%mdl 2048] Black is pushing.} 18. Bxc4+ Kh8 19. Qa4 Bb7 {[%mdl 1024] Black has compensation.} 20. a3 (20. Nxe5 $2 Qd4+ 21. Kg2 Qxe5 $19) 20... Bf6 21. Rb1 Nbc6 22. Qb5 (22. Qb3 $1 $11 {remains equal.}) 22... Bd4+ (22... Rb8 $1 $17 {White must now prevent ...Nd4.} 23. Qxc5 Nd4) 23. Kg2 ({Don't blunder} 23. Nxd4 $2 Qxd4+ 24. Kg2 Rb8 $19) 23... Rb8 $1 24. Qa4 ({Don't go for} 24. Nxd4 $2 Qxd4 25. Bf1 Ne5 $19) (24. Ba2 $15) 24... Ne5 $1 $17 {[%cal Re5f3] Hoping for ...Nxf3.} 25. Nxe5 Bxe5 26. Qc2 Qd4 27. Qd3 {[#]} Rf8 $1 {( -> ...Qf2+)} 28. Qe2 $2 {[#]} (28. Kh1) 28... Nf5 $1 $19 {[%cal Rf5e3] And now ...Ne3+ would win.Black is clearly winning.} 29. Nf3 Qxe4 30. Bf4 (30. Qxe4 $142 Bxe4 31. Bd3 Bxd3 32. Nxe5 Bxb1 33. Ng6+ Kg8 34. Nxf8 Kxf8 35. g4) 30... Bxf4 31. Qxe4 Bxe4 32. Re1 Ne3+ 33. Kf2 Ng4+ 34. Kg2 Bxf3+ 35. Kxf3 Ne5+ {Precision: White = 33%, Black = 55%.} 0-1